000 00361nam a2200133Ia 4500
008 151001s9999||||xx |||||||||||||| ||und||
100 _aN. K. Sinha
245 _aIslam is Indian synthesis of culture
250 _a1
260 _bKuda Baksh O.P.Libary
260 _c1996
300 _a170
365 _b21
999 _c973633
_d973630